000 00653nam a2200241Ia 4500
003 OSt
005 20221006164319.0
006 a|||||r|||| 00| 0
007 ta
008 221006b |||||||| |||| 00| 0 eng d
024 _a2,331
037 _cTextual
040 _aFML
_cFML
_beng
041 _2eng
_aeng
082 _aV2:71, P4
100 _aRay H P Au.
_9677118
245 0 _aArchaeology as History in Early South Asia
260 _aNew Delhi
_bAryan Book
_c2004
300 _a511
_ccm.
700 _a Sinopoli C M Au.
_9677119
942 _hV2:71, P4
_cTEXL
_2CC
999 _c1116818
_d1116818